Elektronické a elektroakustické součástky : Jejich volba a použití /

Salvato in:
Dettagli Bibliografici
Autori principali: Nečásek, Sláva (Autore), Janeček, Jan (Autore), Rambousek, Jaroslav (Autore)
Natura: Libro
Lingua:ceco
Pubblicazione: Praha : SNTL, 1980
Soggetti:
Tags: Aggiungi Tag
Nessun Tag, puoi essere il primo ad aggiungerne!!

MARC

LEADER 00000nam a22000003a 4500
001 stu39738
005 20150617225725.5
008 930224s1980----cs------------------cze-d
040 |a STU  |b slo 
041 0 |a cze 
044 |a cs 
080 |a 621.38 
080 |a 554.86(035) 
100 1 |a Nečásek, Sláva  |4 aut 
245 1 |a Elektronické a elektroakustické součástky :  |b Jejich volba a použití /  |c [aut.]S. Nečásek, J. Janeček, J. Rambousek 
260 |a Praha :  |b SNTL,  |c 1980 
300 |a 415 s 
650 7 |a Súčiastky elektronické a elektroakustické  |2 stusub 
650 7 |a príručky  |2 stusub 
650 7 |a elektronika  |2 stusub 
650 7 |a Súčiastky  |2 stusub 
650 7 |a elektroakustika  |2 stusub 
700 1 |a Janeček, Jan  |4 aut 
700 1 |a Rambousek, Jaroslav  |4 aut 
996 |b 284M035906  |c M*2478-1  |l MMKN  |s A  |a 24  |w stu39738_0001